000
00315nam a2200133Ia 4500
005
20251222142004.0
008
251222s9999||||xx |||||||||||||| ||spa||
020
_a
84-206-7330-7
082
_a
869.964/C28E
100
_a
Carpentier, Alejo
245
0
_a
Écue-Yamba-Ó
264
_b
Alianza Editorial
942
_c
LIB
999
_c
10114
_d
10114